[Event "Dois Irmaos Regional Sul"]
[Site "Dois Irmaos"]
[Date "2012.??.??"]
[Round "5"]
[White "Pimenta, Elisandro da Silva"]
[Black "Cardona Bueno, Jair"]
[Result "1/2-1/2"]
[WhiteElo "1800"]
[BlackElo "1900"]
[PlyCount "154"]
[EventDate "2012.10.12"]
[EventType "swiss"]
[EventRounds "6"]
[EventCountry "BRA"]
[SourceTitle "EXT 2013"]
[Source "ChessBase"]
[SourceDate "2012.11.22"]
[SourceVersion "1"]
[SourceVersionDate "2012.11.22"]
[SourceQuality "1"]

1. e4 e5 2. Nc3 Nc6 3. f4 d6 4. Nf3 Bd7 5. Bc4 Be7 6. d3 Nf6 7. 0-0 0-0 8. a3 a6 9. fxe5 dxe5 10. Bg5 Be6 11. Bxf6 Bxf6 12. Bd5 Qd7 13. b4 Rab8 14. Qe1 Ne7 15. Bxe6 Qxe6 16. Qg3 g6 17. Rf2 Bg7 18. Raf1 f5 19. Ng5 Qd6 20. exf5 Rxf5 21. Nce4 Qb6 22. Kh1 Rbf8 23. Nc5 Rxf2 24. Rxf2 Rxf2 25. Qxf2 Bf6 26. Nge4 Bg7 27. Qh4 Nc6 28. Nf6+ Bxf6 29. Qxf6 Nd4 30. Qxe5 Nxc2 31. Ne6 Kf7 32. Ng5+ Kg8 33. Qe8+ Kg7 34. Qf7+ Kh6 35. h4 Kh5 36. Qxh7+ Kg4 37. Qd7+ Kxh4 38. Nf3+ Kg3 39. Qh3+ Kf2 40. Qh4+ Ke2 41. Qe4+ Qe3 42. Ng1+ Kd2 43. Nf3+ Kc1 44. Qxg6 Nxa3 45. Qg7 Nc2 46. Qxc7 Qxd3 47. Qxb7 Qc4 48. Qe7 Nxb4 49. Qe3+ Kb2 50. Qf2+ Ka3 51. Qe3+ Ka4 52. Nd2 Qd3 53. Qe1 a5 54. Qa1+ Kb5 55. Qe5+ Qd5 56. Qb8+ Ka4 57. Qe8+ Ka3 58. Qe3+ Qd3 59. Nc4+ Ka2 60. Qxd3 Nxd3 61. Nxa5 Ne5 62. g3 Kb2 63. Kg2 Kc3 64. Kh3 Kd4 65. Nb3+ Ke4 66. Nd2+ Kf5 67. Kh4 Kg6 68. Ne4 Kh6 69. Nf6 Kg6 70. Ng4 Nf3+ 71. Kh3 Kg5 72. Nf2 Ng1+ 73. Kg2 Ne2 74. g4 Nf4+ 75. Kf3 Ng6 76. Kg3 Ne5 77. Ne4+ Kg6 1/2-1/2